[Event "It (open)"]
[Site "masterchessopen.com Graz (Austria)"]
[Round "6"]
[White "Kummer Helmut (AUT)"]
[Black "Skomorokhin Roman (RUS)"]
[Result "0-1"]
[WhiteElo "2320"]
[BlackElo "2460"]

1.d4 d5 2.c4 dxc4 3.Nf3 a6 4.e3 e6 5.Bxc4 c5 6.O-O Nf6 7.Qe2 b5 8.Bb3 Bb7
9.Rd1 Nbd7 10.Nc3 Qb8 11.d5 c4 12.dxe6 fxe6 13.Bc2 Bd6 14.h3 O-O 15.e4 Qc7
16.a3 Rae8 17.Bg5 Bc5 18.Kh1 Ba7 19.Rd2 Bb8 20.g3 Nc5 21.Rad1 h6 22.Bf4 e5
23.Nxe5 Qc8 24.Ng6 Ncxe4 25.Nxe4 Nxe4 26.Kh2 Nxd2 27.Qxd2 Bxf4 28.gxf4 Qc6
29.Rg1 Rf6 30.Qd4 Rd6 31.Qc3 Qf3 {#R} 0-1

[Event "Ch World (juniors) (under 20)"]
[Site "masterchessopen.com Halle (Germany)"]
[Round "6"]
[White "Vescovi Giovanni (BRA)"]
[Black "Kasimdzhanov Rustam (UZB)"]
[Result "0-1"]
[WhiteElo "2465"]
[BlackElo "2435"]

1.d4 Nf6 2.Nf3 d5 3.c4 dxc4 4.e3 e6 5.Bxc4 c5 6.O-O a6 7.Qe2 b5 8.Bb3 Bb7 9.a4
b4 10.Rd1 Nbd7 11.e4 cxd4 12.Nxd4 Qc7 13.Bg5 Bc5 14.Bxe6 fxe6 15.Nxe6 Qe5
16.Qc4 Bxf2+ 17.Kxf2 Nxe4+ 18.Kf1 Rf8+ 19.Kg1 Nxg5 {#R} 0-1

[Event "Ch Hungary (team) 1995/96"]
[Site "masterchessopen.com Hungary"]
[Round "5"]
[White "Danner Georg (AUT)"]
[Black "Varga Zalan (HUN)"]
[Result "0-1"]
[WhiteElo "2415"]
[BlackElo "2344"]

1.d4 d5 2.Nf3 Nf6 3.c4 dxc4 4.e3 e6 5.Bxc4 c5 6.O-O a6 7.Qe2 b5 8.Bb3 Bb7
9.Nc3 Nbd7 10.Rd1 Qb6 11.a4 b4 12.a5 Qc7 13.Na4 Be7 14.dxc5 Nxc5 15.Nxc5 Bxc5
16.Ba4+ Ke7 17.e4 Rhd8 18.Bg5 h6 19.Bxf6+ gxf6 20.e5 f5 21.Nd2 Rg8 22.g3 Rad8
23.Nc4 Rg4 24.Rac1 Re4 25.Qh5 Rxc4 26.Rxc4 Qxe5 27.Kf1 Be4 28.Rxd8 Kxd8
29.Qd1+ Ke7 30.Qd7+ Kf6 31.f4 Qxb2 32.Rxc5 Qg2+ 33.Ke1 Qg1+ 34.Kd2 Qf2+ {#R}
0-1

[Event "It (open) \"]
[Site "masterchessopen.com La Carlota (Argentina)"]
[Round "6"]
[White "Llanos Guillermo (ARG)"]
[Black "Spangenberg Hugo (ARG)"]
[Result "0-1"]
[WhiteElo "2405"]
[BlackElo "2490"]

1.d4 d5 2.c4 dxc4 3.Nf3 Nf6 4.e3 e6 5.Bxc4 c5 6.O-O a6 7.Qe2 b5 8.Bb3 Bb7 9.a4
b4 10.Rd1 Nbd7 11.Nbd2 Be7 12.Nc4 O-O 13.Bd2 a5 14.Rac1 Qb8 15.Nfe5 Bd5 16.e4
Bxc4 17.Bxc4 Nxe5 18.dxe5 Qxe5 19.Be3 Qxe4 20.Bd3 Qe5 21.f4 Qc7 22.Bc4 Rad8
{#R} 0-1

[Event "It (open)"]
[Site "masterchessopen.com Lenk (Switzerland)"]
[Round "2"]
[White "Berberich Christoph (SUI)"]
[Black "Raetsky Alexander (RUS)"]
[Result "0-1"]
[WhiteElo "2092"]
[BlackElo "2505"]

1.d4 d5 2.Nf3 Nf6 3.c4 dxc4 4.e3 c5 5.Bxc4 e6 6.O-O a6 7.Qe2 b5 8.Bb3 Bb7 9.a4
Nbd7 10.Rd1 Qb8 11.axb5 axb5 12.Rxa8 Bxa8 13.Nbd2 Bd6 14.e4 cxd4 15.Nxd4 Bxh2+
16.Kh1 Be5 17.N2f3 Bxe4 18.Nxe5 Qxe5 19.f4 Qb8 20.Nxe6 fxe6 21.Bxe6 Nc5 22.Bd5
Kf8 23.Be3 Bxd5 24.Bxc5+ Kf7 25.Qe7+ Kg6 26.Rxd5 Qxf4 27.Rd4 Qc1+ 28.Kh2 Re8
29.Qd6 Qh6+ 30.Kg1 Re1+ {#R} 0-1

[Event "Zt"]
[Site "masterchessopen.com Linares (Spain)"]
[Round "5"]
[White "Marinelli Tullio (ITA)"]
[Black "Magem Badals Jordi (ESP)"]
[Result "0-1"]
[WhiteElo "2440"]
[BlackElo "2560"]

1.d4 d5 2.c4 dxc4 3.Nf3 Nf6 4.e3 e6 5.Bxc4 c5 6.O-O a6 7.Qe2 b5 8.Bb3 Bb7
9.Rd1 Nbd7 10.Nc3 Qb6 11.d5 e5 12.e4 c4 13.Bc2 Bc5 14.Nh4 O-O 15.Nf5 g6
16.Nh6+ Kg7 17.Rf1 Bd4 18.Ng4 Ng8 19.Ne3 Rac8 20.Qg4 Ndf6 21.Qg5 Kh8 22.Ne2 b4
23.Ng4 Nd7 24.Be3 f6 25.Qh4 Bxe3 26.Nxe3 a5 27.Qh3 Qd6 28.f4 Ba6 29.fxe5 fxe5
30.Rxf8 Rxf8 31.Re1 Nc5 32.Nf1 Nd3 33.Bxd3 cxd3 34.Neg3 Qf6 35.Rd1 Bc8 {#R}
0-1

[Event "Zt"]
[Site "masterchessopen.com Linares (Spain)"]
[Round "1"]
[White "Marinelli Tullio (ITA)"]
[Black "Sadler Matthew (ENG)"]
[Result "0-1"]
[WhiteElo "2440"]
[BlackElo "2565"]

1.d4 d5 2.c4 dxc4 3.Nf3 a6 4.e3 Nf6 5.Bxc4 e6 6.O-O c5 7.Qe2 b5 8.Bb3 Bb7
9.Rd1 Nbd7 10.Nc3 Qb6 11.d5 c4 12.dxe6 fxe6 13.Bc2 Bc5 14.Ng5 Qc6 15.f3 O-O
16.Nce4 Be7 17.Bd2 h6 18.Nxf6+ Nxf6 19.Ne4 Nxe4 20.Bxe4 Qc7 21.Bxb7 Qxb7 22.e4
Rac8 23.a3 a5 24.Rac1 Rfd8 25.Bc3 Rxd1+ 26.Qxd1 Bg5 27.Rc2 b4 28.axb4 axb4
29.Be5 Rd8 30.Qf1 Qa7+ 31.Kh1 Qa4 32.Re2 c3 33.bxc3 Rd1 34.Re1 Rxe1 35.Qxe1
Bd2 36.Qb1 Bxc3 37.Bd6 b3 {#R} 0-1

[Event "Ch Poland (team)"]
[Site "masterchessopen.com Lubniewice (Poland)"]
[Round "2"]
[White "Pisulinski Jan (POL)"]
[Black "Weglarz Leszek (POL)"]
[Result "1-0"]
[WhiteElo "2390"]
[BlackElo "2350"]

1.d4 d5 2.c4 dxc4 3.Nf3 c5 4.e3 e6 5.Bxc4 Nf6 6.O-O a6 7.Qe2 b5 8.Bb3 Bb7 9.a4
b4 10.Rd1 Nbd7 11.Nbd2 cxd4 12.exd4 Bd5 13.Nc4 Be7 14.Bg5 a5 15.Nd6+ Kf8
16.Bxd5 Nxd5 17.Ne4 f6 18.Be3 Kf7 19.Nc5 Re8 20.Rac1 Nf8 21.h4 Qb6 22.h5 Rac8
23.Nd2 Qa7 24.Qf3 Qa8 25.Nc4 Rc7 26.Bf4 Rc6 27.Bh6 Kg8 28.Qg4 g5 29.hxg6 Nxg6
30.Ne3 f5 31.Qf3 Nxe3 32.Qxe3 Bf6 33.Nd7 Bh8 34.Ne5 Rxc1 35.Qxc1 Qd8 36.Nc6
Qd5 37.Qc5 Bf6 38.Nxa5 Ra8 39.Nc4 Nh4 40.Qxd5 exd5 41.Nb6 Ra5 42.Bd2 {#r} 1-0

[Event "It (open)"]
[Site "masterchessopen.com Mar del Plata (Argentina)"]
[Round "0"]
[White "Corsi Ferrari A (ARG)"]
[Black "Piscicelli Daniel (ARG)"]
[Result "1-0"]
[WhiteElo "2215"]
[BlackElo "2325"]

1.d4 d5 2.c4 dxc4 3.e3 Nf6 4.Bxc4 e6 5.Nf3 c5 6.O-O a6 7.Qe2 b5 8.Bb3 Bb7
9.Rd1 Qb6 10.dxc5 Bxc5 11.a4 Nbd7 12.axb5 axb5 13.Rxa8+ Bxa8 14.Nc3 b4 15.Na4
Qc6 16.Qf1 O-O 17.Nd4 Qb7 18.Nxc5 Nxc5 19.Bc4 Rb8 20.f3 Qb6 21.e4 Ncxe4 22.Be3
e5 23.fxe4 exd4 24.Bxd4 Qc6 25.Bxf6 gxf6 26.Bd5 Qb6+ 27.Qf2 Qxf2+ 28.Kxf2 Kf8
29.Bxa8 Rxa8 30.Rd4 Rb8 31.b3 Ke7 32.Kf3 Ke6 33.Kf4 Rb5 34.g4 h5 35.Rd5 Rb8
36.gxh5 Rc8 37.h6 f5 38.Rxf5 Rh8 39.Rh5 Rh7 40.Rh3 Kf6 41.e5+ Ke6 42.Rd3 Rh8
43.Rd6+ Ke7 44.Kf5 {#r} 1-0

[Event "It (open)"]
[Site "masterchessopen.com Poznan (Poland)"]
[Round "8"]
[White "Szuminski Marek (POL)"]
[Black "Kostenko Igor (UKR)"]
[Result "0-1"]
[WhiteElo "2020"]
[BlackElo "2242"]

1.d4 d5 2.c4 dxc4 3.Nf3 Nf6 4.e3 e6 5.Bxc4 c5 6.O-O a6 7.Qe2 b5 8.Bb3 Bb7
9.Rd1 Nbd7 10.Nc3 Qb8 11.Bc2 Bd6 12.h3 O-O 13.e4 cxd4 14.Nxd4 h6 15.a3 Nb6
16.b3 Be5 17.Bb2 Qc7 18.g3 Rad8 19.Qe3 Qc5 20.Nce2 Bxd4 21.Nxd4 e5 22.Rac1
exd4 23.Bxd4 Rxd4 24.Rxd4 Qxa3 25.Rcd1 Qe7 26.Rd6 Nbd7 27.f4 Rc8 28.Bb1 Nc5
29.e5 Ne8 30.R6d4 Ba8 31.b4 Ne6 32.Qd3 g6 33.Rd7 Qxb4 34.f5 Qb2 35.Rd2 Qxe5
36.fxe6 Rc1+ 37.Rd1 Rxd1+ 38.Qxd1 Qxg3+ 39.Kf1 Bg2+ 40.Ke2 Bf3+ {#R} 0-1

[Event "It (open)"]
[Site "masterchessopen.com Saint-Affrique (France)"]
[Round "5"]
[White "Cebalo Miso (CRO)"]
[Black "Lane Gary W (AUS)"]
[Result "1-0"]
[WhiteElo "2515"]
[BlackElo "2400"]

1.d4 d5 2.c4 dxc4 3.Nf3 e6 4.e3 Nf6 5.Bxc4 c5 6.O-O a6 7.Qe2 b5 8.Bb3 Bb7 9.a4
b4 10.Rd1 Nbd7 11.Nbd2 Qc7 12.Nc4 a5 13.Bd2 Be7 14.Rac1 O-O 15.Nfe5 Nxe5
16.dxe5 Nd7 17.f4 f6 18.Be1 fxe5 19.Nxa5 Bd5 20.Rxd5 exd5 21.Bxd5+ Kh8 22.Bxa8
Rxa8 23.Nc4 Rxa4 24.fxe5 Nf8 25.Qf3 h6 26.Bh4 Ng6 27.Bxe7 Qxe7 28.Qc6 {#r} 1-0

[Event "It (open)"]
[Site "masterchessopen.com Szekszard (Hungary)"]
[Round "0"]
[White "Taskovits Istvan (HUN)"]
[Black "Papp Csaba (HUN)"]
[Result "1-0"]
[WhiteElo "2260"]
[BlackElo "2012"]

1.d4 d5 2.c4 dxc4 3.Nf3 Nf6 4.e3 c5 5.Bxc4 e6 6.O-O a6 7.Qe2 b5 8.Bb3 Bb7
9.Rd1 c4 10.Bc2 Be7 11.a4 O-O 12.axb5 axb5 13.Rxa8 Bxa8 14.Nc3 Bc6 15.Ne5 Qb6
16.e4 b4 17.Nxc4 Qa6 18.Nb1 Bb5 19.b3 Nbd7 20.Bd3 Rc8 21.Be3 h6 22.h3 Kf8
23.f4 Nb6 24.Nbd2 Bxc4 25.Nxc4 Nxc4 26.Bxc4 Qb7 27.Ba6 Rc2 28.Qxc2 Qxa6 29.Bf2
Qb7 30.d5 exd5 31.exd5 Qb8 32.d6 Bd8 33.d7 {#r} 1-0

[Event "It (open)"]
[Site "masterchessopen.com Yalta (Ukraine)"]
[Round "0"]
[White "Kiriakov Petr (RUS)"]
[Black "Zakharchenko Arnold (UKR)"]
[Result "1-0"]
[WhiteElo "2495"]
[BlackElo "2225"]

1.d4 d5 2.c4 dxc4 3.e3 Nf6 4.Bxc4 e6 5.Nf3 c5 6.O-O a6 7.Qe2 b5 8.Bb3 Bb7 9.a4
Nbd7 10.axb5 axb5 11.Rxa8 Qxa8 12.Nc3 b4 13.Nb5 Qb8 14.e4 cxd4 15.Nfxd4 Bc5
16.Re1 Qe5 17.Qd1 O-O 18.f4 Qb8 19.e5 Bd5 20.Ba4 Ne8 21.Be3 Nb6 22.Bc2 g6
23.b3 Nc7 24.Nd6 Bxd6 25.exd6 Ne8 26.f5 Nxd6 27.Bf4 Re8 28.fxe6 fxe6 29.Qg4
Qc7 30.Bxg6 hxg6 31.Bxd6 Qg7 32.Be5 Qh6 33.Bf4 Qh5 34.Qg3 Nd7 35.h4 e5 36.Bg5
Bf7 37.Nc6 Re6 38.Nd8 Re8 39.Qh3 Nf8 40.Rf1 Be6 41.Rxf8+ Kxf8 42.Nxe6+ Kg8
43.Qd3 Qh7 44.Nc5 Qf7 45.Ne4 Ra8 46.Kh2 Qe6 47.Nf6+ Kf7 48.Qe4 {#r} 1-0

[Event "Ch Norway"]
[Site "masterchessopen.com Alta (Norway)"]
[Round "9"]
[White "Elsness Frode (NOR)"]
[Black "Egeli Per Ove (NOR)"]
[Result "0-1"]
[WhiteElo "2350"]
[BlackElo "2315"]

1.d4 d5 2.c4 dxc4 3.Nf3 Nf6 4.e3 e6 5.Bxc4 c5 6.O-O a6 7.Qe2 b5 8.Bb3 Bb7 9.a4
b4 10.Nbd2 Be7 11.Rd1 Nbd7 12.Nc4 O-O 13.Nfe5 Qc7 14.e4 cxd4 15.Bf4 Qc5
16.Rac1 Nxe5 17.Nxe5 Qb6 18.Nc4 Qa7 19.Na5 d3 20.Rxd3 Bxe4 21.Re3 Bd5 22.Rc7
Qb6 23.Rxe7 Qxa5 24.Bd1 Rfc8 25.Be5 Qd8 26.Bxf6 gxf6 27.Qh5 Qxe7 28.Qh6 Kh8
29.Rg3 Rg8 30.Bc2 f5 {#R} 0-1

[Event "It (open)"]
[Site "masterchessopen.com Calcutta (India)"]
[Round "1"]
[White "Kakageldyev Amanmurad (TKM)"]
[Black "Sareen Vishal (IND)"]
[Result "0-1"]
[WhiteElo "2475"]
[BlackElo "2270"]

1.d4 d5 2.c4 dxc4 3.Nf3 Nf6 4.e3 e6 5.Bxc4 a6 6.O-O c5 7.Qe2 b5 8.Bb3 Bb7
9.Rd1 Nbd7 10.Nc3 Qc7 11.e4 cxd4 12.Nxd4 Bc5 13.Be3 O-O 14.Rac1 Qb6 15.Bc2 Ne5
16.b4 Bxb4 17.Ndxb5 Qa5 18.a3 Be7 19.Bd4 Nfd7 20.Rb1 axb5 21.Rxb5 Qc7 22.f4
Ng6 23.f5 Nge5 24.fxe6 fxe6 25.Bb3 Rf6 26.Qh5 Rh6 27.Bxe5 Bc5+ 28.Kh1 Nxe5
29.Rxb7 Qxb7 30.Qxe5 Qxb3 31.Qxc5 Rf8 32.h3 Qc2 33.Qe5 Rg6 34.Rg1 Qb2 35.Qc5
h6 36.Nd1 Qe2 37.Ne3 Rg3 38.Ng4 Rf1 39.Kh2 {#R} 0-1

[Event "It (open)"]
[Site "masterchessopen.com Cullera (Spain)"]
[Round "0"]
[White "Alberola Mulet Benj (ESP)"]
[Black "Montoya Bello Felix (ESP)"]
[Result "0-1"]
[WhiteElo "2145"]
[BlackElo "2116"]

1.d4 d5 2.c4 dxc4 3.Nf3 Nf6 4.e3 e6 5.Bxc4 c5 6.O-O a6 7.Qe2 b5 8.Bb3 Bb7
9.Rd1 Nbd7 10.Nc3 Qb8 11.e4 cxd4 12.Nxd4 Bd6 13.h3 b4 14.Na4 Bxe4 15.Bg5 O-O
16.Rac1 Re8 17.Nc6 Qb5 18.Qxb5 axb5 19.Nb6 Nxb6 20.Rxd6 Nfd5 21.Bd2 Nc8 22.Rd7
Nc3 23.Nd4 Nb6 24.Rd6 Nc8 25.Rd7 Nb6 26.Rd6 Nc4 27.Bxc4 bxc4 28.bxc3 Rxa2
29.Nxe6 b3 30.Nc5 b2 31.Nxe4 Ra1 {#R} 0-1

[Event "It (cat.4)"]
[Site "masterchessopen.com Edinburgh (Scotland)"]
[Round "0"]
[White "Richardson John R (ENG)"]
[Black "Shaw John (SCO)"]
[Result "1-0"]
[WhiteElo "2310"]
[BlackElo "2335"]

1.d4 d5 2.c4 dxc4 3.e3 Nf6 4.Bxc4 e6 5.Nf3 c5 6.O-O a6 7.Qe2 b5 8.Bb3 Bb7 9.a4
Nbd7 10.axb5 axb5 11.Rxa8 Qxa8 12.Nc3 b4 13.Nb5 Qa5 14.e4 cxd4 15.Nfxd4 Be7
16.Bxe6 fxe6 17.Nxe6 Nxe4 18.Qh5+ {#r} 1-0

[Event "It (open)"]
[Site "masterchessopen.com Hafnarfjordur (Iceland)"]
[Round "4"]
[White "Einarsson Bergsteinn (ISL)"]
[Black "Raetsky Alexander (RUS)"]
[Result "1-0"]
[WhiteElo "2175"]
[BlackElo "2455"]

1.d4 d5 2.c4 dxc4 3.Nf3 Nf6 4.e3 e6 5.Bxc4 c5 6.O-O a6 7.Qe2 b5 8.Bb3 Bb7 9.a4
Nbd7 10.axb5 axb5 11.Rxa8 Qxa8 12.Nc3 b4 13.Nb5 Qb8 14.e4 cxd4 15.Nbxd4 Bd6
16.Re1 e5 17.Nf5 O-O 18.Ng5 Bc5 19.Qc4 h6 20.Nxf7 Kh7 21.Be3 Bxe3 22.Rxe3 Rc8
23.Qf1 Nxe4 24.Qb1 Qc7 25.Re1 Qc5 26.Ne3 g6 27.Be6 Rc7 28.Nd8 Ndf6 29.Nxb7
Rxb7 30.Bd5 Nd2 31.Qd3 Rd7 32.Qxd2 Nxd5 33.Ng4 {#r} 1-0

[Event "It (cat.9)"]
[Site "masterchessopen.com Hamburg (Germany)"]
[Round "8"]
[White "Reeh Oliver (GER)"]
[Black "Loeffler Stefan (GER)"]
[Result "0-1"]
[WhiteElo "2420"]
[BlackElo "2410"]

1.c4 e6 2.Nf3 d5 3.d4 dxc4 4.e3 c5 5.Bxc4 Nf6 6.O-O a6 7.Qe2 b5 8.Bb3 Bb7 9.a4
Nbd7 10.axb5 axb5 11.Rxa8 Qxa8 12.Nbd2 b4 13.Re1 Be7 14.e4 cxd4 15.Nxd4 Bc5
16.N2f3 O-O 17.e5 Ng4 18.Rf1 Qa7 19.Nxe6 fxe6 20.Bxe6+ Kh8 21.Bxg4 Ba6 22.Qxa6
Qxa6 23.Bxd7 Qg6 24.Be3 Bxe3 25.fxe3 Qd3 26.e6 Qxe3+ 27.Kh1 g5 28.h3 h5 29.Re1
Qxe1+ 30.Nxe1 Rf1+ 31.Kh2 Rxe1 32.h4 gxh4 33.b3 Kg7 34.Be8 Rxe6 35.Bxh5 Re3
{#R} 0-1

[Event "It (open)"]
[Site "masterchessopen.com Muenster (Germany)"]
[Round "7"]
[White "Beckhuis Gernod (GER)"]
[Black "Maksimenko Andrei (UKR)"]
[Result "0-1"]
[WhiteElo "2300"]
[BlackElo "2545"]

1.d4 d5 2.c4 dxc4 3.Nf3 e6 4.e3 c5 5.Bxc4 a6 6.O-O Nf6 7.Qe2 b5 8.Bb3 Bb7
9.Nc3 Nbd7 10.Rd1 Qc7 11.d5 c4 12.dxe6 fxe6 13.Bc2 Bc5 14.Nd4 Qb6 15.a4 e5
16.axb5 exd4 17.exd4+ Be7 18.d5 Qd6 19.bxa6 O-O 20.Nb5 Qc5 21.Qe6+ Kh8 22.Be3
Qxb5 23.axb7 Rxa1 24.Rxa1 Qxb2 25.Rc1 Bc5 26.Bf5 Bxe3 27.Qxe3 Nxd5 28.Qe1 Qxb7
29.Qe6 Nf4 {#R} 0-1

[Event "Ch Netherlands (team) 1995/96"]
[Site "masterchessopen.com Netherlands"]
[Round "0"]
[White "De Saegher Chris (NED)"]
[Black "Blees Albert (NED)"]
[Result "0-1"]
[WhiteElo "2205"]
[BlackElo "2415"]

1.d4 Nf6 2.Nf3 d5 3.c4 dxc4 4.e3 e6 5.Bxc4 c5 6.O-O a6 7.Qe2 b5 8.Bb3 Bb7
9.Rd1 Nbd7 10.e4 cxd4 11.e5 Nd5 12.Rxd4 Qc7 13.Nc3 Nxc3 14.bxc3 Be7 15.Rg4 g6
16.Bh6 Qxc3 17.Rc1 Bxf3 18.gxf3 Qxe5 19.Re4 Qh5 20.Bxe6 Qxh6 21.Bxd7+ Kf8
22.f4 Qh4 23.Rc3 Rd8 24.Rd3 Qf6 25.Qe3 Bd6 26.f5 gxf5 27.Re8+ Rxe8 28.Qxe8+
Kg7 29.Qe2 Rg8 30.Qh5 Kh8+ 31.Kh1 Qg7 {#R} 0-1

[Event "It (open)"]
[Site "masterchessopen.com Soest (Netherlands)"]
[Round "5"]
[White "Floor Dick (NED)"]
[Black "Jonkman Harmen (NED)"]
[Result "0-1"]
[WhiteElo "2214"]
[BlackElo "2325"]

1.Nf3 d5 2.d4 Nf6 3.c4 dxc4 4.e3 e6 5.Bxc4 c5 6.O-O a6 7.Qe2 b5 8.Bb3 Bb7 9.a4
b4 10.Nbd2 Nbd7 11.e4 cxd4 12.e5 Nd5 13.Ne4 Qc7 14.Bd2 h6 15.Rac1 Qb6 16.Rc4
Be7 17.Ng3 Nc5 18.Bc2 d3 19.Bxd3 a5 20.Nd4 Nxa4 21.Qg4 Nxb2 22.Nxe6 fxe6
23.Bg6+ Kd7 24.Rc2 Na4 25.Nh5 Nc5 26.Nf4 Rhf8 27.Rd1 Rxf4 28.Bxf4 b3 29.Rcd2
Kc7 30.Be3 Nxe3 31.fxe3 Bd5 {#R} 0-1

[Event "Memorial L.Rudenko"]
[Site "masterchessopen.com St. Petersburg (Russia)"]
[Round "8"]
[White "Dubinka Inna (UKR)"]
[Black "Grinfeld Alla B (USA)"]
[Result "1-0"]
[WhiteElo "2305"]
[BlackElo "2235"]

1.d4 d5 2.c4 dxc4 3.Nf3 Nf6 4.e3 e6 5.Bxc4 a6 6.O-O c5 7.Qe2 b5 8.Bb3 Bb7 9.a4
b4 10.Rd1 Qc7 11.Nbd2 Nbd7 12.a5 Be7 13.Nc4 O-O 14.Nfe5 Rfd8 15.Bd2 Rac8
16.Rac1 Qb8 17.Ba4 Nxe5 18.dxe5 Ne8 19.e4 Bc6 20.Bxc6 Rxc6 21.Be3 Qb7 22.Rxd8
Bxd8 23.Rd1 Be7 24.Qd3 Rc7 25.f3 Qb5 26.b3 h6 27.Nd6 Qxd3 28.Rxd3 Kf8 29.Nc4
h5 30.Nb6 f6 31.f4 fxe5 32.fxe5 Kf7 33.Kf2 Bh4+ 34.Ke2 Be7 35.Rd1 g6 36.Kd3
c4+ 37.bxc4 Bc5 38.Rb1 Bxe3 39.Kxe3 Rc5 40.Ra1 b3 41.Nd7 b2 42.Rb1 Rxc4
43.Rxb2 Ra4 44.Rb7 Kg8 45.Kf4 Rxa5 46.Kg5 Ra2 47.g3 Rxh2 48.Kxg6 Rg2 49.Nf6+
{#r} 1-0

[Event "Ch Lithuania"]
[Site "masterchessopen.com Vilnius (Lithuania)"]
[Round "4"]
[White "Bandza Algirdas (LTU)"]
[Black "Labuckas Aidas (LTU)"]
[Result "1-0"]
[WhiteElo "2385"]
[BlackElo "2385"]

1.d4 d5 2.c4 dxc4 3.e3 Nf6 4.Bxc4 e6 5.Nf3 c5 6.O-O a6 7.Qe2 b5 8.Bb3 Bb7 9.a4
Nbd7 10.axb5 axb5 11.Rxa8 Qxa8 12.Nc3 b4 13.Nb5 Qb8 14.e4 cxd4 15.Nbxd4 Bc5
16.e5 Nd5 17.Rd1 O-O 18.Bc2 g6 19.h4 Rc8 20.Bh6 Qc7 21.Bb1 Qb6 22.h5 Nf8
23.Qe4 Rd8 24.Qh4 Be7 25.Bg5 Qc5 26.hxg6 fxg6 27.Ba2 Bxg5 28.Nxg5 Qe7 29.Qg4
Nc7 30.Ne4 Bxe4 31.Qxe4 Qc5 32.Bb3 g5 33.Kh2 Re8 34.Qe3 Nd5 35.Qxg5+ Kh8
36.Bxd5 Qxd5 37.Qf6+ Kg8 38.Nf5 {#r} 1-0

[Event "It (open)"]
[Site "masterchessopen.com Yalta (Ukraine)"]
[Round "3"]
[White "Perun Sergey (UKR)"]
[Black "Zakharchenko Arnold (UKR)"]
[Result "0-1"]
[WhiteElo "2345"]
[BlackElo "2315"]

1.d4 d5 2.c4 dxc4 3.Nf3 Nf6 4.e3 e6 5.Bxc4 c5 6.O-O a6 7.Qe2 b5 8.Bb3 Bb7 9.a4
Nbd7 10.axb5 axb5 11.Rxa8 Qxa8 12.Nc3 b4 13.Nb5 Qb8 14.e4 cxd4 15.Nfxd4 Bc5
16.Bxe6 fxe6 17.Nxe6 Qe5 18.Nxg7+ Kd8 19.Bf4 Qxe4 20.Ne6+ Ke7 21.Qxe4 Nxe4
22.Nxc5 Nexc5 23.Rd1 Rg8 24.Bg3 Ra8 25.f3 Ra2 26.Rd2 Ba6 27.Nd4 Kf7 28.Bd6 b3
29.h4 Bc4 30.Nf5 Be6 31.Ne3 Na4 32.Ba3 Rxa3 33.bxa3 b2 34.Rxb2 Nxb2 35.Nc2 Nc5
36.Kf2 Nca4 37.Kg3 Bf5 38.Nd4 Bd7 39.Nc2 Nd3 40.Kh2 Ke6 41.Nd4+ Kd5 {#R} 0-1

[Event "It (open)"]
[Site "masterchessopen.com Alberta (Canada)"]
[Round "5"]
[White "South Robert (CAN)"]
[Black "Kuczaj Chris"]
[Result "0-1"]
[WhiteElo "2225"]
[BlackElo "2000"]

1.d4 d5 2.c4 dxc4 3.Nf3 Nf6 4.e3 e6 5.Bxc4 c5 6.O-O a6 7.Qe2 b5 8.Bb3 Bb7
9.Nc3 Nbd7 10.Rd1 Qb6 11.d5 exd5 12.e4 dxe4 13.Ng5 c4 14.Bc2 Be7 15.Ncxe4 Nxe4
16.Bxe4 Nf6 17.Be3 Qc7 18.Bxb7 Qxb7 19.Bc5 Rc8 20.Bd6 Kf8 21.Rd4 h6 22.Nf3
Bxd6 23.Rxd6 Ne4 24.Rd4 Nc5 25.Ne5 g5 26.Rad1 Kg7 27.Qh5 Rc7 28.Rd6 Nd3
29.Nxd3 cxd3 30.h4 Rc6 31.R1xd3 Rxd6 32.Rxd6 Qc7 33.Rxa6 Qc1+ 34.Kh2 Qf4+
35.Kh3 Qxf2 36.Qg4 Rd8 37.hxg5 Rd3+ 38.g3 Qf1+ 39.Kh4 Qh1+ 40.Qh3 hxg5+ {#R}
0-1

[Event "Ch Spain (team)"]
[Site "masterchessopen.com Ampuriabrava (Spain)"]
[Round "0"]
[White "Garza Marco Sergio (ESP)"]
[Black "Solana Suarez Ernesto (ESP)"]
[Result "0-1"]
[WhiteElo "2210"]
[BlackElo "2295"]

1.d4 d5 2.c4 dxc4 3.Nf3 Nf6 4.e3 e6 5.Bxc4 c5 6.O-O a6 7.Qe2 b5 8.Bb3 Bb7
9.Rd1 Nbd7 10.Nc3 Qc7 11.e4 cxd4 12.Nxd4 Bc5 13.Bxe6 fxe6 14.Nxe6 Qe5 15.Nxg7+
Kf7 16.b4 Bd4 17.Bb2 Bxc3 18.Qf3 Bxe4 19.Rxd7+ Kg6 20.Qe3 Bxb2 21.f4 Qc3
22.f5+ Bxf5 {#R} 0-1

[Event "Ch Aragon (team)"]
[Site "masterchessopen.com Aragon (Spain)"]
[Round "0"]
[White "Vitalla FM"]
[Black "Soriano Ascaso Ignacio (ESP)"]
[Result "1-0"]
[WhiteElo "2220"]
[BlackElo "2137"]

1.d4 d5 2.Nf3 Nf6 3.c4 dxc4 4.e3 a6 5.Bxc4 e6 6.O-O c5 7.Qe2 b5 8.Bb3 Bb7
9.Rd1 Qc7 10.a4 c4 11.Bc2 Qc6 12.axb5 axb5 13.Rxa8 Bxa8 14.Nc3 Bb4 15.e4 Bxc3
16.d5 Qb7 17.bxc3 O-O 18.dxe6 fxe6 19.e5 Nd5 20.Bxh7+ Kxh7 21.Qe4+ Kg8 22.Ng5
Rf5 23.Nxe6 g6 24.g4 Nxc3 25.Rd8+ Kf7 26.Qxb7+ Bxb7 27.gxf5 Ne2+ 28.Kf1 Nxc1
29.Ng5+ Kg7 30.f6+ Kh6 31.f7 Kxg5 32.Rxb8 Be4 33.f8=Q c3 34.Qf6+ Kg4 35.h3+
{#r} 1-0

[Event "It (open)"]
[Site "masterchessopen.com Balatonbereny (Hungary)"]
[Round "9"]
[White "Szeberenyi Adam (HUN)"]
[Black "Bannink Bernard (NED)"]
[Result "0-1"]
[WhiteElo "2215"]
[BlackElo "2210"]

1.d4 d5 2.c4 dxc4 3.Nf3 Nf6 4.e3 e6 5.Bxc4 c5 6.Qe2 a6 7.O-O b5 8.Bb3 Bb7 9.a4
bxa4 10.Bxa4+ Nbd7 11.Rd1 cxd4 12.Rxd4 Bc5 13.Rxd7 Nxd7 14.Ne5 Bc8 15.Qf3 O-O
16.Nxf7 Qc7 17.b4 Bb7 18.Nh6+ gxh6 19.Qg4+ Kf7 20.Qh5+ Ke7 21.bxc5 Nf6 22.Qxh6
Rg8 23.g3 Qe5 24.Qf4 Qxf4 25.exf4 Rac8 26.Ba3 Bc6 27.Bxc6 Rxc6 28.Nc3 Rd8
29.Rd1 Rxd1+ 30.Nxd1 Ne4 31.Nb2 Nd2 32.Nd3 Nc4 33.Ne5 Nxe5 34.fxe5 Kd7 35.Kg2
Rc8 36.g4 Rb8 37.g5 Rb3 38.Bc1 a5 39.h4 a4 40.h5 a3 41.g6 hxg6 42.hxg6 a2
43.g7 Rb8 44.Bb2 Rg8 45.f4 Rxg7+ {#R} 0-1

[Event "It (open)"]
[Site "masterchessopen.com Barbera (Spain)"]
[Round "5"]
[White "Alvarez Ibarra Rafael (ESP)"]
[Black "Hansen Lars (DEN)"]
[Result "1-0"]
[WhiteElo "2395"]
[BlackElo "2265"]

1.d4 d5 2.c4 dxc4 3.e3 Nf6 4.Bxc4 e6 5.Nf3 c5 6.O-O a6 7.Qe2 b5 8.Bb3 Bb7 9.a4
Nbd7 10.axb5 axb5 11.Rxa8 Qxa8 12.Nc3 b4 13.Nb5 Qb8 14.e4 Nxe4 15.Ng5 Bc6
16.Bc4 Ndf6 17.f4 cxd4 18.f5 Bc5 19.Kh1 Nxg5 20.Bf4 Qb7 21.Bxg5 Ne4 22.fxe6
Nxg5 23.exf7+ Kf8 24.Rf5 Ne4 25.Re5 Qb8 26.Rxe4 Bxe4 27.Qxe4 {#r} 1-0

[Event "It (open)"]
[Site "masterchessopen.com Barbera (Spain)"]
[Round "7"]
[White "Fernandez Aguado Juan Luis (ESP)"]
[Black "Hansen Lars (DEN)"]
[Result "0-1"]
[WhiteElo "2300"]
[BlackElo "2265"]

1.d4 d5 2.c4 dxc4 3.e3 Nf6 4.Bxc4 e6 5.Nf3 c5 6.O-O a6 7.Qe2 b5 8.Bb3 Bb7
9.Rd1 Nbd7 10.Nc3 Qb8 11.Bd2 Bd6 12.h3 O-O 13.Rac1 Qa7 14.Be1 Rad8 15.a4 c4
16.Ba2 b4 17.Bxc4 bxc3 18.bxc3 Qa8 19.Bd3 e5 20.Nh4 Rfe8 21.Bc4 g6 22.Rb1 Be7
23.Nf3 exd4 24.cxd4 Ne4 25.Qa2 Nd6 26.Rxb7 Qxb7 27.Bd5 Qc7 28.Ne5 Nxe5 29.dxe5
Nf5 30.Bxf7+ Kg7 31.Rb1 Rf8 32.Bc4 Qxe5 33.Bxa6 Bd6 34.g3 Rf7 35.Qb3 Rc7
36.Bb5 Rdc8 37.a5 Rc1 38.a6 Nxg3 39.a7 Qe4 40.Qb2+ Be5 41.Qxe5+ Qxe5 42.Rxc1
Qe4 43.a8=Q {#R} 0-1

[Event "Ch Bayern (b)"]
[Site "masterchessopen.com Bayern (Germany)"]
[Round "3"]
[White "Schelle Artur (GER)"]
[Black "Thanner Hans-Peter (GER)"]
[Result "0-1"]
[WhiteElo "2188"]
[BlackElo "2079"]

1.d4 d5 2.c4 dxc4 3.Nf3 c5 4.e3 e6 5.Bxc4 Nf6 6.O-O a6 7.Qe2 b5 8.Bb3 Bb7
9.Rd1 Nbd7 10.a4 Be7 11.Nbd2 Qb6 12.e4 cxd4 13.a5 Qa7 14.e5 Ng4 15.h3 d3 {#R}
0-1